000 00426nam a2200181Ia 4500
001 19947
005 20260306172730.0
008 260306t1997||||xx |||||||||||||| ||spa||
041 _aESP
082 _a341.7
_bG77 T. 1
100 _aGranero, Horacio R.
_eAUT
245 0 _aIntroducción al derecho
260 _c1997
300 _a529 páginas :
_c21 cm.
650 _aGEN
654 _aCDE
942 _cLIB
_dJUS
_fJUS
_2ddc
_n
999 _c19947
_d19947